000 00400nam a2200193Ia 4500
001 12587
003 GE_BSU
008 181216s||||||||xx |||||||||||||| ||und||
020 _a9780330287654
040 _cGE_BSU
080 _a821.111-32
100 _aSharpe,Tom
245 _aWilt On High
260 _aLondon
260 _c1984
300 _a254p.18cm.
653 _aWilt On High
942 _cBK
999 _c45760
_d45760